00289pab a2200133 454500008004000000100002100040245001500061260000900076300001200085362001200097650001500109650001500124773001600139180718b1996 xxu||||| |||| 00| 0 eng d aSrivastava, R.S. aLeadership c1996 ap.39-49 aJan-Jun aManagement aLeadership aPrashasnika